MARC details
| 000 -CABECERA |
| campo de control de longitud fija |
02349cam a22004455i 4500 |
| 001 - NÚMERO DE CONTROL |
| campo de control |
23920156 |
| 005 - FECHA Y HORA DE LA ÚLTIMA TRANSACCIÓN |
| campo de control |
20250523064245.0 |
| 008 - DATOS DE LONGITUD FIJA--INFORMACIÓN GENERAL |
| campo de control de longitud fija |
241112t20182018enka 000 1 rus d |
| 010 ## - NÚMERO DE CONTROL DE LA BIBLIOTECA DEL CONGRESO |
| Número de control de LC |
2024404751 |
| 020 ## - NÚMERO INTERNACIONAL ESTÁNDAR DEL LIBRO |
| Número Internacional Estándar del Libro |
9781473683495 |
| 035 ## - NÚMERO DE CONTROL DEL SISTEMA |
| Número de control de sistema |
(OCoLC)on1077723446 |
| 040 ## - FUENTE DE LA CATALOGACIÓN |
| Centro/agencia transcriptor |
tbs |
| 041 ## - CÓDIGO DE LENGUA |
| Código de lengua del texto/banda sonora o título independiente |
rus |
| -- |
eng |
| 042 ## - CÃDIGO DE AUTENTICACIÃN |
| Código de autenticación |
lccopycat |
| 050 ## - SIGNATURA TOPOGRÁFICA DE LA BIBLIOTECA DEL CONGRESO |
| Número de clasificación |
H359.4 |
| 100 ## - ENTRADA PRINCIPAL--NOMBRE DE PERSONA |
| Nombre de persona |
Richards, Olly |
| Término indicativo de función/relación |
author |
| 9 (RLIN) |
12403 |
| 245 10 - MENCIÓN DE TÍTULO |
| Título |
Short stories in Russian |
| Resto del título |
: read for pleasure at your level and learn Russian the fun way |
| Mención de responsabilidad, etc. |
/ Olly Richards and Alex Rawlings ; series editor, Rebecca Moeller. |
| 246 1# - FORMA VARIANTE DE TÍTULO |
| Texto de visualización |
At head of title: |
| Título propio/Titulo breve |
Teach yourself |
| 260 ## - PUBLICACIÓN, DISTRIBUCIÓN, ETC. |
| Lugar de publicación, distribución, etc. |
London : |
| Nombre del editor, distribuidor, etc. |
Hodder and Stoughton, |
| Fecha de publicación, distribución, etc. |
2018. |
| 300 ## - DESCRIPCIÓN FÍSICA |
| Extensión |
xvi, 270 pages : |
| Otras características físicas |
illustrations ; |
| Dimensiones |
20 cm. |
| 490 ## - MENCIÓN DE SERIE |
| Mención de serie |
Teach yourself |
| 500 ## - NOTA GENERAL |
| Nota general |
"CEFR A2-B1"--Cover |
| 500 ## - NOTA GENERAL |
| Nota general |
"Foreign language graded reader series"--Back cover |
| 505 ## - NOTA DE CONTENIDO CON FORMATO |
| Nota de contenido con formato |
Mapped to A2-B1 on the Common European Framework of Reference — A glossary for bolded words in each text — A bilingual word list — Full plot summary — Comprehension questions after each chapter. |
| 520 ## - SUMARIO, ETC. |
| Sumario, etc. |
This book offers eight engaging stories across various genres—like science fiction, crime, history, and thrillers—to make language learning enjoyable and effective. It uses controlled vocabulary (including the 1,000 most frequent words) and authentic dialogues to build your confidence and improve your speaking skills. With accessible grammar, glossaries, bilingual word lists, plot summaries, and comprehension questions, it provides a fun, frustration-free way to learn and retain a new language naturally. |
| 546 ## - NOTA DE LENGUA/LENGUAJE |
| Nota de lengua/lenguaje |
In Russian and English. |
| 650 #0 - PUNTO DE ACCESO ADICIONAL DE MATERIA--TÉRMINO DE MATERIA |
| Término de materia o nombre geográfico como elemento de entrada |
Russian language |
| Subdivisión de forma |
Readers |
| 9 (RLIN) |
25294 |
| 650 #0 - PUNTO DE ACCESO ADICIONAL DE MATERIA--TÉRMINO DE MATERIA |
| Término de materia o nombre geográfico como elemento de entrada |
Russian language |
| Subdivisión de forma |
Textbooks for foreign speakers |
| Subdivisión general |
English |
| 9 (RLIN) |
25295 |
| 650 #0 - PUNTO DE ACCESO ADICIONAL DE MATERIA--TÉRMINO DE MATERIA |
| Término de materia o nombre geográfico como elemento de entrada |
Russian language |
| Subdivisión general |
Study and teaching |
| -- |
Foreign speakers |
| 9 (RLIN) |
25296 |
| 650 #0 - PUNTO DE ACCESO ADICIONAL DE MATERIA--TÉRMINO DE MATERIA |
| Término de materia o nombre geográfico como elemento de entrada |
Reading comprehension |
| Subdivisión de forma |
Problems, exercises, etc. |
| 9 (RLIN) |
25107 |
| 650 #0 - PUNTO DE ACCESO ADICIONAL DE MATERIA--TÉRMINO DE MATERIA |
| Término de materia o nombre geográfico como elemento de entrada |
Short stories, Russian |
| 9 (RLIN) |
25297 |
| 655 #0 - TÉRMINO DE INDIZACIÓN--GÉNERO/FORMA |
| Datos o término principal de género/forma |
Short stories |
| 9 (RLIN) |
22375 |
| 655 #0 - TÉRMINO DE INDIZACIÓN--GÉNERO/FORMA |
| Datos o término principal de género/forma |
Readers (Publications) |
| 9 (RLIN) |
25108 |
| 655 #0 - TÉRMINO DE INDIZACIÓN--GÉNERO/FORMA |
| Datos o término principal de género/forma |
Textbooks |
| Subdivisión de forma |
for English speakers |
| 655 #0 - TÉRMINO DE INDIZACIÓN--GÉNERO/FORMA |
| Datos o término principal de género/forma |
Instructional and educational works |
| 9 (RLIN) |
23270 |
| 655 #0 - TÉRMINO DE INDIZACIÓN--GÉNERO/FORMA |
| Datos o término principal de género/forma |
Self-instructional works |
| 9 (RLIN) |
25331 |
| 700 ## - ENTRADA AGREGADA--NOMBRE PERSONAL |
| Nombre de persona |
Rawlings, Alex |
| Fechas asociadas al nombre |
1991- |
| Término indicativo de función/relación |
author |
| 9 (RLIN) |
25298 |
| 700 ## - ENTRADA AGREGADA--NOMBRE PERSONAL |
| Nombre de persona |
Moeller, Rebecca Klevberg |
| Término indicativo de función/relación |
editor |
| 9 (RLIN) |
25299 |
| 942 ## - ELEMENTOS DE ENTRADA AGREGADA (KOHA) |
| Fuente del sistema de clasificación o colocación |
Clasificación de Library of Congress |